Retrouvez ces mangas/animés grâce aux objets associés - Statistiques

Statistiques générales
  • Ce quiz a été pris 56 fois
  • Le résultat moyen est 12 sur 16
Statistiques - réponses
Par images Réponse % Correct
Naruto
100%
One piece
96%
demon slayer
91%
Dragon Ball
87%
Hunter x Hunter
84%
My hero academia
84%
JuJutsu Kaisen
80%
bleach
78%
Pokémon
78%
Seven deadly sins
73%
Tokyo Ghoul
73%
Fairy Tail
71%
Black Clover
67%
L'attaque des titans
58%
Yu-Gi-Ho
51%
Dr Stone
33%
Aucun quiz correspondant
Distribution des résultats
% des personnes avec chaque résultat
Percentile par nombre de réponses
Votre historique - résultats
Vous n’avez pas pris ce quiz